000 00767nam a2200121Ia 4500
008 220620s9999||||xx |||||||||||||| ||und||
100 _aIsaacs, Susan
245 3 _aAn Appalachian Curriculum for Fourth Grade–Looking for Native Ground
_bEnvironmental Concerns and the Blue Ridge Parkway in Western North Carolina and the Appalachian Trail in East Tennessee
546 _aEnglish[eng]
650 _aEducation||Curricula
856 _uhttps://library.oapen.org/bitstream/20.500.12657/47650/1/external_content.pdf||https://library.oapen.org/bitstream/20.500.12657/47650/1/external_content.pdf||https://library.oapen.org/bitstream/20.500.12657/47650/1/external_content.pdf||https://library.oapen.org/bitstream/20.500.12657/47650/1/external_content.pdf
942 _cEB
999 _c24098
_d24098